| 000 | 00681nam a22001937a 4500 | ||
|---|---|---|---|
| 005 | 20240125121512.0 | ||
| 010 | _aENG-139027 | ||
| 020 |
_a9789355321626 _c1050.00 |
||
| 035 | _aEN-122559 | ||
| 037 | _bDBAD/PUB | ||
| 082 | _a000 | ||
| 100 |
_aSharma, Arun _961306 |
||
| 245 |
_aHow to prepare for Quantitative Aptitude for CAT/ _cby Arun Sharma |
||
| 250 | _a10th Edition | ||
| 260 |
_bMc Graw Hill _aAnjana Complex No:5/90 A, Butt Road, St. Thomas Mount, Chennai-600016 _c2022 |
||
| 270 |
_aAnjana Complex No:5/90 A, Butt Road, St. Thomas Mount, Chennai-600016 _bChennai _e600016 |
||
| 300 |
_aVarious Pages _c27cm(pbk) |
||
| 942 |
_2ddc _cEN _h000 _mSHA _e10th |
||
| 999 |
_c200382 _d200382 |
||